Hayy ben Yaqdhân : roman philosophique d'Ibn Thofaïl. Texte arabe avec les variantes des manuscrits et de plusieurs éditions et traduction française /

Saved in:

Main Author: Ibn Ṭufayl, Muḥammad ibn ʻAbd al-Malik, -1185 (Author)

Other Authors: Gauthier, Léon, 1862-1949.

Format: Book

Language: French
Arabic

Published: Beyrouth : Imprimerie catholique, 1936.

Edition: 2e ed. rev.,

Series: Publications de l'Institut d'études orientales de la Faculté des lettres d'Alger ; 3.

Subjects:

Tags: Add Tag

No Tags, Be the first to tag this record!

Call Number: B753 .I53 R5 1936

LEADER 01621nam a2200313I 4500
001 7488
003 OSt
005 20250916093239.0
008 130303s1936 le b 000 0 fre d
010 |a a 42001391 
040 |c ARCE Library 
041 0 |a ara  |a fre 
050 4 |a B753 .I53 R5 1936 
100 1 |6 880-01  |a Ibn Ṭufayl, Muḥammad ibn ʻAbd al-Malik,  |d -1185,  |e author 
245 1 0 |a Hayy ben Yaqdhân :  |b roman philosophique d'Ibn Thofaïl. Texte arabe avec les variantes des manuscrits et de plusieurs éditions et traduction française /  |c Muḥammad ibn ʻAbd al-Malik Ibn Ṭufayl ; Léon Gauthier. 
250 |a 2e ed. rev.,   |b augm. et complètement remaniée, par Léon Gauthier. 
264 1 |a Beyrouth :  |b Imprimerie catholique,  |c 1936. 
300 |a 3 pages leaves, [iii]-xxxiv, 193, [188] pages, 2 leaves ;  |c 25 cm. 
490 1 |a Institut d'études orientales de la Faculté des lettres d'Alger. [Publications] ;   |v 3. 
500 |a "La deuxième édition ... que nous publions ici, diffère considérablement de la première, éditée en 1900, et constitue, en somme, une œuvre nouvelle."--Introd. 
504 |a Bibliography : pages [143]-156. 
546 |a French and Arabic, the latter with Arabic paging. 
650 0 |a Philosophy, Arab. 
700 1 |a Gauthier, Léon,  |d 1862-1949. 
830 0 |a Publications de l'Institut d'études orientales de la Faculté des lettres d'Alger ;   |v 3. 
880 1 |6 100-01/(3/r  |a ابن طفيل، محمد بن عبد الملك،‪‪‪‪‪‪‪‪‪‪‪‪‪‪‪‪‪‪‪‪‪‪‪  |d -1185 
901 |a reviewed 
942 |c BK  |2 lcc 
999 |c 9106  |d 9106